[Event "Russian Higher League 2020"]
[Site "?"]
[Date "2020.10.08"]
[Round "1.1"]
[White "Artemiev, Vladislav"]
[Black "Sviridov, Valery"]
[Result "1/2-1/2"]
[WhiteElo "2716"]
[BlackElo "2558"]
[PlyCount "61"]
[EventDate "2020.??.??"]

1. d4 g6 2. e4 Bg7 3. Nc3 d6 4. g3 Nf6 5. Bg2 O-O 6. Nge2 e5 7. h3 exd4 8. Nxd4
Nc6 9. Be3 Re8 10. O-O Bd7 11. Re1 Qc8 12. Kh2 Re5 13. Nf3 Re8 14. Nd4 Re5 15.
Nxc6 bxc6 16. Bd4 Rh5 17. h4 Ng4+ 18. Kg1 Ne5 19. f4 Bg4 20. Qd2 c5 21. Nd5
Nf3+ 22. Bxf3 Bxd4+ 23. Kg2 Bxf3+ 24. Kxf3 Qb7 25. c3 Rxd5 26. exd5 Qxd5+ 27.
Kg4 Qf5+ 28. Kf3 Qd5+ 29. Kg4 Qf5+ 30. Kf3 Qd5+ 31. Kg4 1/2-1/2

[Event "Russian Higher League 2020"]
[Site "?"]
[Date "2020.10.08"]
[Round "1.2"]
[White "Iljiushenok, Ilia"]
[Black "Esipenko, Andrey"]
[Result "1/2-1/2"]
[WhiteElo "2515"]
[BlackElo "2682"]
[PlyCount "80"]
[EventDate "2020.??.??"]

1. e4 e5 2. Nf3 Nc6 3. Bb5 a6 4. Ba4 Nf6 5. O-O Be7 6. d3 b5 7. Bb3 d6 8. a4
Bd7 9. Bd2 O-O 10. h3 h6 11. Re1 Re8 12. Nc3 Na5 13. Ba2 b4 14. Nd5 Nxd5 15.
Bxd5 c6 16. Ba2 c5 17. c3 bxc3 18. bxc3 Qc7 19. Bd5 Rab8 20. Qc2 Bf6 21. Rab1
Be6 22. Be3 Qd7 23. Bxe6 Qxe6 24. Rxb8 Rxb8 25. Rb1 Rxb1+ 26. Qxb1 Qb3 27. Qxb3
Nxb3 28. Kf1 Kf8 29. Ke2 Ke7 30. Kd1 Kd7 31. Nd2 Na5 32. Nc4 Nxc4 33. dxc4 Ke6
34. g4 Bg5 35. Bxg5 hxg5 36. a5 Kf6 37. Ke2 Ke6 38. Ke3 g6 39. f3 f6 40. Kd3
Ke7 1/2-1/2

[Event "Russian Higher League 2020"]
[Site "?"]
[Date "2020.10.08"]
[Round "1.3"]
[White "Predke, Alexandr"]
[Black "Lobanov, Sergei"]
[Result "1/2-1/2"]
[WhiteElo "2676"]
[BlackElo "2510"]
[PlyCount "143"]
[EventDate "2020.??.??"]

1. Nf3 Nf6 2. c4 c5 3. e3 Nc6 4. Be2 g6 5. b3 Bg7 6. Bb2 O-O 7. O-O b6 8. d4
cxd4 9. Nxd4 Nxd4 10. Bxd4 Bb7 11. Bf3 Bxf3 12. Qxf3 d5 13. Rd1 dxc4 14. Bxf6
Bxf6 15. Rxd8 Rfxd8 16. Nc3 Bxc3 17. Rc1 cxb3 18. axb3 Bb4 19. h4 a5 20. Qc6
Bc5 21. h5 Ra7 22. g3 Rad7 23. Kg2 Rd6 24. Qe4 Re6 25. Qg4 Rd2 26. Kg1 h6 27.
hxg6 Rxg6 28. Qc8+ Kg7 29. Rc4 Rd5 30. Kg2 Rdd6 31. Qc7 Kf8 32. Rc2 Rd3 33. Qe5
Kg8 34. Rc4 Rg5 35. Qb2 Rd6 36. Re4 Rdd5 37. Qe2 Rg6 38. Rf4 Rdd6 39. Qb5 Kg7
40. Qe8 Rdf6 41. Rc4 Rg5 42. Qd7 Rff5 43. Qa4 Rd5 44. Qa1+ Kg8 45. Qc3 Rg6 46.
Ra4 Rgg5 47. Ra2 Rd6 48. Re2 Rgd5 49. Qc4 Rd2 50. Qg4+ Kf8 51. Rxd2 Rxd2 52.
Qe4 Kg8 53. g4 Bd6 54. Qa8+ Kg7 55. Qa6 Bc5 56. Qc4 Rd6 57. Kg3 Rf6 58. Qd5 Kg8
59. Qe4 Kg7 60. Qd3 Rd6 61. Qc3+ Kg8 62. Kf3 Rf6+ 63. Ke2 Re6 64. Qc4 Kg7 65.
Qd5 Kg8 66. Qh5 Kg7 67. Qf5 Kg8 68. Qd5 Kg7 69. Kf3 Kg8 70. Kg3 Bd6+ 71. Kg2
Bc5 72. Kf3 1/2-1/2

[Event "Russian Higher League 2020"]
[Site "?"]
[Date "2020.10.08"]
[Round "1.4"]
[White "Nesterov, Arseniy"]
[Black "Sjugirov, Sanan"]
[Result "0-1"]
[WhiteElo "2510"]
[BlackElo "2675"]
[PlyCount "98"]
[EventDate "2020.??.??"]

1. d4 Nf6 2. c4 e6 3. Nf3 d5 4. Nc3 Nbd7 5. Bg5 Bb4 6. Bxf6 Bxc3+ 7. bxc3 Nxf6
8. e3 O-O 9. Bd3 b6 10. cxd5 Qxd5 11. O-O Bb7 12. Re1 Qa5 13. Ne5 Rad8 14. Qc2
h6 15. a4 Nd7 16. Nc4 Qg5 17. f4 Qe7 18. a5 b5 19. Nd2 a6 20. c4 bxc4 21. Be4
Bd5 22. Nxc4 c5 23. Bxd5 exd5 24. Nb6 cxd4 25. exd4 Qd6 26. Qd3 Nxb6 27. axb6
Qxb6 28. Rxa6 Qc7 29. f5 Rfe8 30. Raa1 Qf4 31. Rxe8+ Rxe8 32. Rf1 Qg5 33. Qb5
Qe3+ 34. Kh1 Qe4 35. h3 Rc8 36. f6 g5 37. Rd1 Rc2 38. Qf1 Re2 39. Ra1 Kh7 40.
Qg1 Re3 41. Kh2 Qxd4 42. Qb1+ Qe4 43. Qxe4+ Rxe4 44. Ra6 h5 45. Rd6 Rd4 46. Kg3
h4+ 47. Kf3 Rd2 48. g3 Rd3+ 49. Kg4 hxg3 0-1

[Event "Russian Higher League 2020"]
[Site "?"]
[Date "2020.10.08"]
[Round "1.5"]
[White "Fedoseev, Vladimir"]
[Black "Zabotin, Alexander"]
[Result "1/2-1/2"]
[WhiteElo "2674"]
[BlackElo "2486"]
[PlyCount "84"]
[EventDate "2020.??.??"]

1. c4 e6 2. Nc3 d5 3. d4 Nf6 4. cxd5 Nxd5 5. e4 Nxc3 6. bxc3 c5 7. a3 Be7 8.
Nf3 O-O 9. h4 b6 10. Bd3 Ba6 11. Bf4 Bxd3 12. Qxd3 cxd4 13. cxd4 Nd7 14. Ke2
Rc8 15. Rhc1 Nf6 16. Ne5 Bd6 17. Nxf7 Rxf7 18. Rxc8 Qxc8 19. Bxd6 Qc6 20. Be5
Nxe4 21. f3 Nd6 22. a4 Rd7 23. Ra2 Nc4 24. Bg3 e5 25. Rc2 Rxd4 26. Qc3 Qe6 27.
Bf2 Nd6 28. Qc6 Rc4 29. Qa8+ Rc8 30. Rxc8+ Nxc8 31. Kf1 Qd7 32. Kg1 Kf7 33. Qe4
Ne7 34. h5 Nf5 35. g4 Nd4 36. Kg2 Qc6 37. Qd3 Qxa4 38. Bxd4 exd4 39. Qf5+ Kg8
40. Qc8+ Kf7 41. Qf5+ Kg8 42. Qc8+ Kf7 1/2-1/2

[Event "Russian Higher League 2020"]
[Site "?"]
[Date "2020.10.08"]
[Round "1.6"]
[White "Murzin, Volodar"]
[Black "Sarana, Alexey"]
[Result "1/2-1/2"]
[WhiteElo "2465"]
[BlackElo "2657"]
[PlyCount "80"]
[EventDate "2020.??.??"]

1. e4 e5 2. Nf3 Nc6 3. d4 exd4 4. Nxd4 Bc5 5. Nxc6 Qf6 6. Qf3 bxc6 7. Nd2 d6 8.
Bd3 Qxf3 9. gxf3 Be6 10. Nb3 Bb6 11. Be3 Nf6 12. Rg1 g6 13. Ke2 Nd7 14. Nd4 Ne5
15. Nxe6 fxe6 16. f4 Bxe3 17. fxe3 Nxd3 18. cxd3 Rb8 19. b3 Rb5 20. h4 Rh5 21.
Rg4 Kd7 22. Rc1 Rb8 23. d4 Rbb5 24. Kd3 Rh6 25. e5 Ra5 26. Rc2 Rh5 27. Rh2 c5
28. Rg5 Rh6 29. exd6 cxd6 30. e4 Rb5 31. d5 a5 32. h5 exd5 33. Rxd5 gxh5 34. e5
Rb4 35. Ke3 Kc6 36. Rxd6+ Rxd6 37. exd6 Kxd6 38. Rxh5 a4 39. Rxh7 axb3 40. axb3
Rxb3+ 1/2-1/2

[Event "Russian Higher League 2020"]
[Site "?"]
[Date "2020.10.08"]
[Round "1.7"]
[White "Paravyan, David"]
[Black "Samusenko, Maksim"]
[Result "1-0"]
[WhiteElo "2653"]
[BlackElo "2459"]
[PlyCount "157"]
[EventDate "2020.??.??"]

1. d4 Nf6 2. c4 d6 3. Nc3 e5 4. Nf3 Nbd7 5. e4 Be7 6. h3 c6 7. Be3 O-O 8. Qc2
Qe8 9. d5 Bd8 10. O-O-O cxd5 11. exd5 Bb6 12. Bxb6 axb6 13. Nd2 Nc5 14. Bd3 Bd7
15. Rhe1 Qc8 16. g4 b5 17. cxb5 Rxa2 18. Kb1 Ra7 19. b4 Nxd3 20. Qxd3 Ra3 21.
Kb2 Bxb5 22. Qc2 Nxd5 23. Kxa3 Nxc3 24. Ra1 Qa8+ 25. Kb2 Na4+ 26. Rxa4 Bxa4 27.
Qd3 Bc6 28. b5 Bd7 29. Qxd6 Bxb5 30. Rxe5 Rd8 31. Qb4 Bc6 32. Nb3 Bd5 33. Qa5
Qxa5 34. Nxa5 Kf8 35. Re3 b6 36. Nb3 Be6 37. Kc2 g5 38. Nd2 h6 39. Re4 Rc8+ 40.
Kd3 Ra8 41. Rb4 Ra3+ 42. Ke2 Ra6 43. f4 gxf4 44. Kf3 Bd7 45. Nc4 b5 46. Ne5 Be8
47. Kxf4 Ke7 48. h4 Ra4 49. Nd3 Bd7 50. g5 hxg5+ 51. Kxg5 f6+ 52. Kg6 Be8+ 53.
Kf5 Bd7+ 54. Kg6 Rxb4 55. Nxb4 Ke6 56. Kg7 Be8 57. Nd3 Kf5 58. Kf8 Bh5 59. Ke7
Be2 60. Nc1 Bg4 61. Nd3 Be2 62. Nc1 Bd1 63. Nd3 Bh5 64. Nb4 Bf3 65. Nd3 Be4 66.
Nc5 Bf3 67. Nd3 Ke4 68. Nc5+ Kd4 69. Nb3+ Ke5 70. Nc5 f5 71. Nd7+ Kd4 72. Kd6
f4 73. Nc5 b4 74. Ne6+ Ke3 75. Ke5 Be4 76. Nc5 Bc2 77. Na6 b3 78. Nc7 b2 79.
Kd6 1-0

[Event "Russian Higher League 2020"]
[Site "?"]
[Date "2020.10.08"]
[Round "1.8"]
[White "Belyakov, Bogdan"]
[Black "Rakhmanov, Aleksandr"]
[Result "0-1"]
[WhiteElo "2458"]
[BlackElo "2646"]
[PlyCount "194"]
[EventDate "2020.??.??"]

1. e4 e6 2. d4 d5 3. Nc3 dxe4 4. Nxe4 Bd7 5. Nf3 Bc6 6. Bd3 Nd7 7. Qe2 Ngf6 8.
Nxf6+ Nxf6 9. c3 Qd5 10. Bf4 Bd6 11. Be5 Nd7 12. b4 Nxe5 13. dxe5 Be7 14. O-O
O-O-O 15. Rfd1 Ba4 16. Bc2 Qb5 17. Qxb5 Bxb5 18. Nd4 Bc4 19. Bb3 Bxb3 20. Nxb3
h5 21. f4 g5 22. Rf1 Rd3 23. fxg5 Bxg5 24. Rxf7 Rxc3 25. Kf1 Rc4 26. a3 b6 27.
Rd1 Rf4+ 28. Rxf4 Bxf4 29. g3 Bxe5 30. Re1 Bb2 31. a4 Rd8 32. Re3 Rd5 33. b5
Kd7 34. Ke2 Bf6 35. h3 Ke7 36. g4 hxg4 37. hxg4 Rg5 38. Re4 Rd5 39. Nd2 a6 40.
bxa6 Ra5 41. Nf3 Rxa6 42. g5 Bg7 43. Nd4 Bxd4 44. Rxd4 Ra5 45. Rg4 Kf7 46. g6+
Kg7 47. Re4 Kf6 48. Rc4 Re5+ 49. Kf3 c5 50. Rg4 Kg7 51. Rg1 Rd5 52. Ke4 Rd6 53.
Rg3 c4 54. Rc3 Rc6 55. Kd4 Kxg6 56. Rg3+ Kf5 57. Kc3 e5 58. Rf3+ Ke4 59. Rf1
Rc5 60. Rb1 Ra5 61. Re1+ Kf3 62. Kb4 e4 63. Rf1+ Kg2 64. Rf6 e3 65. Rxb6 Re5
66. Kxc4 Re4+ 67. Kd3 e2 68. Rg6+ Kf3 69. Rf6+ Kg4 70. Kxe4 e1=Q+ 71. Kd5 Qa5+
72. Ke6 Kg5 73. Rf8 Qb6+ 74. Kd7 Qb7+ 75. Ke6 Qc6+ 76. Ke7 Kg6 77. a5 Qc5+ 78.
Ke8 Qc7 79. a6 Kg7 80. Rf1 Qc8+ 81. Ke7 Qc5+ 82. Kd8 Qd6+ 83. Ke8 Qe6+ 84. Kd8
Qxa6 85. Rc1 Qa5+ 86. Kc8 Kf7 87. Rc6 Ke7 88. Kb7 Kd7 89. Rb6 Qd5+ 90. Kb8 Qe4
91. Rb5 Kc6 92. Rb7 Qe8+ 93. Ka7 Qd8 94. Rh7 Qa5+ 95. Kb8 Qb4+ 96. Ka7 Qa3+ 97.
Kb8 Qb3+ 0-1

[Event "Russian Higher League 2020"]
[Site "?"]
[Date "2020.10.08"]
[Round "1.9"]
[White "Riazantsev, Alexander"]
[Black "Kardashevskiy, Evgeny"]
[Result "1-0"]
[WhiteElo "2638"]
[BlackElo "2449"]
[PlyCount "57"]
[EventDate "2020.??.??"]

1. d4 Nf6 2. c4 e6 3. Nc3 Bb4 4. e3 O-O 5. Bd3 c5 6. Nf3 d5 7. cxd5 exd5 8.
dxc5 Nbd7 9. O-O Nxc5 10. Ne2 Bg4 11. Bc2 Ne6 12. Bd2 Bd6 13. h3 Bh5 14. Bc3
Ne4 15. g4 Bg6 16. Kg2 Kh8 17. Rc1 f5 18. Ne5 Qh4 19. Bxe4 fxe4 20. Qxd5 Ng5
21. Qxd6 Qxh3+ 22. Kg1 Rf6 23. Qc7 Re8 24. Nf4 Qh4 25. Kg2 Rxe5 26. Qc8+ Be8
27. Bxe5 Re6 28. Ng6+ hxg6 29. Rh1 1-0

[Event "Russian Higher League 2020"]
[Site "?"]
[Date "2020.10.08"]
[Round "1.10"]
[White "Pogosyan, Stefan"]
[Black "Demchenko, Anton"]
[Result "0-1"]
[WhiteElo "2442"]
[BlackElo "2632"]
[PlyCount "73"]
[EventDate "2020.??.??"]

1. d4 Nf6 2. c4 g6 3. Nc3 Bg7 4. g3 O-O 5. Bg2 d6 6. Nf3 Nc6 7. O-O Rb8 8. b3
a6 9. Bb2 b5 10. cxb5 axb5 11. Rc1 b4 12. Na4 Na5 13. Qc2 c6 14. e4 Ba6 15.
Rfe1 Bb5 16. Ba1 Bxa4 17. bxa4 e6 18. Nd2 Bh6 19. f4 Qb6 20. Nb3 Bg7 21. Kh1
Rfd8 22. Bf3 Ra8 23. g4 d5 24. e5 Nd7 25. Be2 Rdc8 26. Bd3 Qd8 27. Qf2 Nc4 28.
f5 Qg5 29. Rg1 Rxa4 30. Bxc4 dxc4 31. Rxc4 Qd8 32. Qf3 Rxa2 33. f6 Bf8 34. Rxc6
Ra3 35. Rb1 Nb6 36. Rxc8 Qxc8 37. Qe2 0-1

[Event "Russian Higher League 2020"]
[Site "?"]
[Date "2020.10.08"]
[Round "1.11"]
[White "Ponkratov, Pavel"]
[Black "Makarian, Rudik"]
[Result "1-0"]
[WhiteElo "2628"]
[BlackElo "2441"]
[PlyCount "61"]
[EventDate "2020.??.??"]

1. e4 c6 2. d4 d5 3. e5 Bf5 4. g4 Be4 5. f3 Bg6 6. e6 fxe6 7. h4 c5 8. h5 Bf7
9. f4 Nc6 10. Nf3 cxd4 11. Nxd4 Qb6 12. Nxc6 bxc6 13. Qe2 e5 14. fxe5 e6 15.
Nd2 Bc5 16. Nb3 Ne7 17. Bd2 a5 18. O-O-O a4 19. Nxc5 Qxc5 20. Be3 Qa5 21. Qf2
a3 22. b3 Qc7 23. Qg3 Qa5 24. Bd2 Qb6 25. Qf4 O-O 26. Bd3 c5 27. Bxh7+ Kxh7 28.
h6 Ng8 29. hxg7+ Kxg7 30. Qh2 Rfb8 31. Bh6+ 1-0

[Event "Russian Higher League 2020"]
[Site "?"]
[Date "2020.10.08"]
[Round "1.12"]
[White "Shuvalova, Polina"]
[Black "Alekseev, Evgeny"]
[Result "1/2-1/2"]
[WhiteElo "2441"]
[BlackElo "2626"]
[PlyCount "129"]
[EventDate "2020.??.??"]

1. d4 Nf6 2. c4 e6 3. g3 c5 4. d5 exd5 5. cxd5 d6 6. Nc3 g6 7. Bg2 Bg7 8. Nf3
O-O 9. O-O Re8 10. Re1 Na6 11. Nd2 Nc7 12. Nc4 Rb8 13. Bf4 Bf8 14. a4 Nh5 15.
Bd2 b6 16. Nb5 Ba6 17. Qb3 Ra8 18. e4 Bxb5 19. axb5 Qd7 20. e5 Qxb5 21. Qa2 Qd7
22. exd6 Bxd6 23. Rad1 Nb5 24. Qa4 Red8 25. Ra1 Rab8 26. Nxd6 Nxd6 27. Qxa7
Qxa7 28. Rxa7 Rb7 29. Rxb7 Nxb7 30. Bg5 f6 31. Bh6 Nd6 32. g4 Ng7 33. Re7 Ngf5
34. gxf5 Nxf5 35. Re6 Nxh6 36. Rxb6 Nf5 37. Rxf6 Rb8 38. Be4 Rxb2 39. Bxf5 gxf5
40. Rc6 Kg7 41. Rxc5 Rd2 42. Rc7+ Kg6 43. Rd7 Kg5 44. Rxh7 Rxd5 45. Kg2 Rd4 46.
Rg7+ Kf6 47. Rg3 Rc4 48. Ra3 Kg5 49. Rg3+ Kf6 50. h3 Rb4 51. Ra3 Kg5 52. Kg3
Rc4 53. Ra8 Rc3+ 54. Kg2 Rc4 55. Rg8+ Kf6 56. Re8 Kg5 57. Kf3 Rc3+ 58. Kg2 Rc4
59. Rg8+ Kf6 60. Rh8 Kg5 61. Kf3 Rc3+ 62. Ke2 Rc2+ 63. Ke3 Rc3+ 64. Kd2 Ra3 65.
Ke2 1/2-1/2

[Event "Russian Higher League 2020"]
[Site "?"]
[Date "2020.10.08"]
[Round "1.13"]
[White "Zvjaginsev, Vadim"]
[Black "Gaifullin, Artur"]
[Result "0-1"]
[WhiteElo "2617"]
[BlackElo "2440"]
[PlyCount "68"]
[EventDate "2020.??.??"]

1. e4 e5 2. Nf3 Nc6 3. d4 exd4 4. Nxd4 Bc5 5. Nxc6 Qf6 6. Qf3 bxc6 7. Nd2 d6 8.
Bd3 Qxf3 9. gxf3 Ne7 10. Nb3 Bb6 11. a4 a5 12. Be3 Be6 13. Bxb6 cxb6 14. Nd4
O-O 15. O-O-O Rad8 16. Rd2 c5 17. Nb5 d5 18. exd5 Rxd5 19. Rhd1 Rh5 20. Nc7 Nd5
21. Nxe6 fxe6 22. Re1 Nf4 23. Bc4 Rxh2 24. b3 h5 25. Rd6 h4 26. Rxb6 Rxf2 27.
Rb5 h3 28. Rxa5 h2 29. Rh1 Nh5 30. Rxc5 Ng3 31. Rd1 Rg2 32. Bxe6+ Kh7 33. Rc4
g5 34. Rc7+ Kh8 0-1

[Event "Russian Higher League 2020"]
[Site "?"]
[Date "2020.10.08"]
[Round "1.14"]
[White "Lugovskoy, Maxim"]
[Black "Kobalia, Mikhail"]
[Result "1/2-1/2"]
[WhiteElo "2420"]
[BlackElo "2614"]
[PlyCount "80"]
[EventDate "2020.??.??"]

1. d4 Nf6 2. Nf3 d5 3. g3 c6 4. Bg2 Bf5 5. O-O h6 6. c3 e6 7. Bf4 Be7 8. Re1
O-O 9. h3 c5 10. Nbd2 Nc6 11. Qb3 Qb6 12. Qxb6 axb6 13. g4 Bh7 14. Bc7 Ra6 15.
e3 Rc8 16. Bh2 h5 17. gxh5 Nxh5 18. e4 Nf6 19. exd5 Nxd5 20. Ne5 Rd8 21. Ndf3
Nxe5 22. Bxe5 c4 23. Bg3 b5 24. a3 Rda8 25. Ne5 Rd8 26. Ng4 Rd7 27. Ne5 Rd8 28.
Ng4 Rd7 29. h4 f6 30. Ne3 Nxe3 31. Rxe3 b4 32. a4 Bf5 33. Ree1 Kf7 34. Bf1 Rc6
35. Bg2 Ra6 36. Bf1 Rc6 37. Bg2 Ra6 38. Bf1 Rc6 39. Bg2 Ra6 40. Bf1 Rc6 1/2-1/2

[Event "Russian Higher League 2020"]
[Site "?"]
[Date "2020.10.08"]
[Round "1.15"]
[White "Khismatullin, Denis"]
[Black "Rodin, Dmitrij"]
[Result "1-0"]
[WhiteElo "2604"]
[BlackElo "2388"]
[PlyCount "51"]
[EventDate "2020.??.??"]

1. d4 Nf6 2. c4 e6 3. g3 d5 4. Nf3 Be7 5. Bg2 O-O 6. O-O dxc4 7. Qc2 a6 8. a4
Nc6 9. Qxc4 a5 10. Nc3 Nb4 11. Rd1 b6 12. Ne5 Ba6 13. Nb5 Rc8 14. Bd2 Nfd5 15.
Qb3 Qe8 16. e4 Nf6 17. Rac1 c5 18. d5 exd5 19. exd5 Bd8 20. Re1 Bxb5 21. axb5
Qxb5 22. Bf1 Qe8 23. Bxb4 axb4 24. Bh3 Ra8 25. Nc6 Ne4 26. Bf5 1-0

[Event "Russian Higher League 2020"]
[Site "?"]
[Date "2020.10.08"]
[Round "1.16"]
[White "Obgolts, Erik"]
[Black "Chigaev, Maksim"]
[Result "0-1"]
[WhiteElo "2376"]
[BlackElo "2598"]
[PlyCount "128"]
[EventDate "2020.??.??"]

1. d4 Nf6 2. Nf3 g6 3. g3 Bg7 4. Bg2 c5 5. O-O cxd4 6. Nxd4 O-O 7. c4 d5 8.
cxd5 Nxd5 9. Nc3 Nb6 10. Ndb5 Nc6 11. Bf4 Bf5 12. e4 Qxd1 13. Raxd1 Bg4 14. f3
Be6 15. Nc7 Rad8 16. Nxe6 fxe6 17. Bh3 Kf7 18. Bc1 Bxc3 19. bxc3 Na4 20. c4
Rxd1 21. Rxd1 Nc3 22. Rd2 Rd8 23. Rxd8 Nxd8 24. Be3 Nc6 25. a3 Nb1 26. Bc1 Ne5
27. Bf1 Nxf3+ 28. Kg2 Nbd2 29. Be2 Nb3 30. Be3 Nfd4 31. Bd1 e5 32. Bxb3 Nxb3
33. Bxa7 Nd2 34. Be3 Nxc4 35. Bc1 Ke6 36. Kf3 Kd6 37. Ke2 Kc5 38. Kd3 Kb5 39.
h3 Nb6 40. Bg5 e6 41. Be7 Nd7 42. g4 Ka4 43. h4 h5 44. gxh5 gxh5 45. Bb4 Kb3
46. Bd6 b5 47. Ke2 Nb6 48. Bxe5 Nc4 49. Bg7 Nxa3 50. Ke3 Nc4+ 51. Kf4 b4 52.
Bf8 Kc3 53. Bxb4+ Kxb4 54. Kg5 Kc5 55. Kxh5 Kd4 56. Kg5 Ke5 57. h5 Nd6 58. Kg6
Nxe4 59. h6 Nf6 60. Kg5 Nh7+ 61. Kg6 Nf8+ 62. Kg5 Ke4 63. Kf6 e5 64. Kg7 Kf5
0-1

[Event "Russian Higher League 2020"]
[Site "?"]
[Date "2020.10.08"]
[Round "1.17"]
[White "Sakaev, Konstantin"]
[Black "Sergeyev, Alexander"]
[Result "1-0"]
[WhiteElo "2596"]
[BlackElo "2374"]
[PlyCount "97"]
[EventDate "2020.??.??"]

1. d4 Nf6 2. c4 c6 3. Nc3 d5 4. e3 Qb6 5. Qc2 Na6 6. a3 Qd8 7. Nf3 Nc7 8. Bd3
Bg4 9. Ne5 e6 10. cxd5 exd5 11. O-O Bd6 12. f4 Bd7 13. Bd2 Ne6 14. Be1 a6 15.
Bh4 Be7 16. Rae1 Rc8 17. f5 Nc7 18. e4 O-O 19. Nxd7 Nxd7 20. Bxe7 Qxe7 21. e5
f6 22. e6 Nb6 23. Qb3 Nb5 24. a4 Nxc3 25. bxc3 Nc4 26. Bxc4 dxc4 27. Qxc4 b5
28. axb5 cxb5 29. Qb4 Qb7 30. Re3 Qd5 31. Qb1 a5 32. Rd1 a4 33. Qe4 Qb3 34. Rb1
Qa2 35. Re2 Qc4 36. d5 Qxc3 37. Rxb5 Rc4 38. Qe3 Qd4 39. Qxd4 Rxd4 40. Ra5 g6
41. fxg6 hxg6 42. Ra2 Kg7 43. R2xa4 Rd1+ 44. Kf2 f5 45. Ra2 Kf6 46. Re2 Rb8 47.
h3 g5 48. e7 Kf7 49. d6 1-0

[Event "Russian Higher League 2020"]
[Site "?"]
[Date "2020.10.08"]
[Round "1.18"]
[White "Ovchinnikov, Vsevolod"]
[Black "Pridorozhni, Aleksei"]
[Result "1/2-1/2"]
[WhiteElo "2349"]
[BlackElo "2596"]
[PlyCount "159"]
[EventDate "2020.??.??"]

1. d4 Nf6 2. c4 e6 3. g3 c5 4. d5 exd5 5. cxd5 d6 6. Nc3 g6 7. Bg2 Bg7 8. Nf3
O-O 9. O-O Re8 10. Bf4 Bf5 11. Nh4 Bg4 12. h3 Nh5 13. hxg4 Nxf4 14. gxf4 Qxh4
15. e3 h6 16. Bf3 Qe7 17. Qb3 a6 18. a4 Qc7 19. Be2 Nd7 20. a5 Rab8 21. Qc2 Nf6
22. Rfc1 Qd7 23. Qd1 g5 24. fxg5 hxg5 25. Ra4 b5 26. axb6 Rxb6 27. Bxa6 Rxb2
28. Bd3 Reb8 29. Bf5 Qe7 30. Ne4 Nxe4 31. Rxe4 Be5 32. Kg2 Kg7 33. Rec4 Qf6 34.
R4c2 R2b4 35. Kf1 Rh8 36. Ke2 Rh2 37. Rb1 Qh6 38. Rxb4 cxb4 39. Kd3 b3 40. Re2
b2 41. Qb3 Rh1 42. Rxb2 Bxb2 43. Qxb2+ Qf6 44. Qxf6+ Kxf6 45. f4 Ra1 46. Ke4
Ra3 47. Bd7 Rc3 48. Bf5 Rb3 49. Bh7 Rb4+ 50. Kf3 Kg7 51. Bf5 f6 52. Be6 Kf8 53.
Bf5 Ke7 54. Be6 Kd8 55. Bf5 Kc7 56. Be6 Kb6 57. Bd7 Kc5 58. Be6 Rc4 59. Bf7 Kb4
60. Bg6 Kc3 61. Bf7 Kd2 62. Be6 Rb4 63. Bf7 Rb3 64. fxg5 fxg5 65. Ke4 Rxe3+ 66.
Kf5 Re5+ 67. Kf6 Ke3 68. Be6 Ke4 69. Ke7 Rxd5 70. Bxd5+ Kxd5 71. Kf6 Ke4 72.
Kxg5 d5 73. Kh6 d4 74. g5 d3 75. g6 d2 76. g7 d1=R 77. g8=Q Rh1+ 78. Kg7 Rg1+
79. Kf8 Rxg8+ 80. Kxg8 1/2-1/2

[Event "Russian Higher League 2020"]
[Site "?"]
[Date "2020.10.08"]
[Round "1.19"]
[White "Lysyj, Igor"]
[Black "Rodchenkov, Vitaly"]
[Result "1-0"]
[WhiteElo "2593"]
[BlackElo "2321"]
[PlyCount "93"]
[EventDate "2020.??.??"]

1. d4 d5 2. c4 e6 3. Nf3 Nf6 4. Nc3 Be7 5. Bf4 O-O 6. e3 b6 7. Be2 Bb7 8. O-O
dxc4 9. Bxc4 a6 10. Rc1 b5 11. Be2 Nbd7 12. Ne5 c5 13. Nxd7 Nxd7 14. d5 e5 15.
Bg3 Nf6 16. Bf3 Qd6 17. Qc2 Rad8 18. Rfd1 Qb8 19. Qf5 Bd6 20. Bh4 Bc8 21. Qc2
Be7 22. Bxf6 Bxf6 23. Ne4 c4 24. b3 cxb3 25. axb3 Bh4 26. Qc7 Qxc7 27. Rxc7 f5
28. Nc5 e4 29. Be2 Rd6 30. g3 Bf6 31. Rc1 Rxd5 32. Nxe4 Be6 33. Nc5 Bc8 34. Rc6
Rd2 35. Bf1 Rfd8 36. b4 Bb2 37. Rb1 Be5 38. Nb3 R2d6 39. Na5 Be6 40. Rbc1 Bf6
41. Nb7 Rxc6 42. Rxc6 Re8 43. Rxa6 Bd5 44. Nd6 Re6 45. Bxb5 Be7 46. Nxf5 Bxb4
47. Ra4 1-0

[Event "Russian Higher League 2020"]
[Site "?"]
[Date "2020.10.08"]
[Round "1.20"]
[White "Stukan, Martin"]
[Black "Antipov, Mikhail Al"]
[Result "0-1"]
[WhiteElo "2316"]
[BlackElo "2591"]
[PlyCount "77"]
[EventDate "2020.??.??"]

1. e4 e5 2. Nf3 Nc6 3. Bb5 Nf6 4. d3 Bc5 5. Bxc6 dxc6 6. O-O Nd7 7. Nbd2 O-O 8.
Nc4 f6 9. Nh4 Nb6 10. Be3 Be7 11. Nd2 Rf7 12. Nf5 Bf8 13. Qh5 Qe8 14. f4 exf4
15. Bxf4 Na4 16. b3 Nc3 17. Be3 Nd5 18. Bd4 Nb4 19. Ne3 c5 20. Bc3 Be6 21. Rf2
Rd7 22. Qxe8 Rxe8 23. Nf3 Bf7 24. Kf1 b5 25. a4 Nxd3 26. cxd3 Rxd3 27. Bd2 b4
28. Ke2 Rxb3 29. e5 fxe5 30. Raf1 Bd6 31. Nxe5 Be6 32. Nc6 Bg4+ 33. Rf3 Bf4 34.
h3 Bxf3+ 35. Rxf3 Bxe3 36. Bxe3 c4 37. Kd2 Rd3+ 38. Ke2 b3 39. g3 0-1

[Event "Russian Higher League 2020"]
[Site "?"]
[Date "2020.10.08"]
[Round "1.21"]
[White "Yuffa, Daniil"]
[Black "Nazaretyan, Tigran"]
[Result "1-0"]
[WhiteElo "2583"]
[BlackElo "2308"]
[PlyCount "87"]
[EventDate "2020.??.??"]

1. d4 d5 2. c4 dxc4 3. e3 Nf6 4. Bxc4 e6 5. Nf3 c5 6. O-O a6 7. Nc3 Nc6 8. d5
Na5 9. b3 b5 10. Bd3 Nxd5 11. Nxd5 Qxd5 12. Qc2 Bb7 13. Rd1 Qc6 14. Bb2 Be7 15.
Rac1 h6 16. Ba1 Qb6 17. b4 cxb4 18. Bd4 Qc6 19. Qb1 Nc4 20. Bxc4 bxc4 21. Bxg7
Rg8 22. Qh7 Rxg7 23. Qxg7 Bf8 24. Qg8 Qc7 25. Rd4 c3 26. Rxb4 Bxf3 27. gxf3
O-O-O 28. Rd4 Bd6 29. Qg4 Bxh2+ 30. Kf1 Rxd4 31. Qxd4 Be5 32. Qb4 Bf6 33. Qf8+
Kb7 34. Qxh6 Be7 35. Qg7 f6 36. Qf7 Qd7 37. Kg2 Qc7 38. Qxe6 Ka7 39. Qb3 Bd6
40. Qxc3 Qg7+ 41. Kf1 Be5 42. Qc5+ Ka8 43. Qc6+ Ka7 44. Rd1 1-0

[Event "Russian Higher League 2020"]
[Site "?"]
[Date "2020.10.08"]
[Round "1.22"]
[White "Ibadov, Dashgyn"]
[Black "Goryachkina, Aleksandra"]
[Result "0-1"]
[WhiteElo "2296"]
[BlackElo "2582"]
[PlyCount "80"]
[EventDate "2020.??.??"]

1. e4 e5 2. Nf3 Nc6 3. d4 exd4 4. Nxd4 Nf6 5. Nxc6 bxc6 6. e5 Qe7 7. Qe2 Nd5 8.
c4 Nb6 9. b3 a5 10. Nd2 a4 11. Bb2 axb3 12. axb3 Rxa1+ 13. Bxa1 Qa3 14. Qd1 Bb4
15. Bd3 Qa5 16. Ke2 d6 17. Nf3 Bg4 18. h3 Bxf3+ 19. Kxf3 dxe5 20. Qc2 g6 21. g4
Ke7 22. Kg2 Rd8 23. h4 Nd7 24. h5 Nc5 25. hxg6 Nxd3 26. gxh7 Ne1+ 27. Rxe1 Bxe1
28. Qf5 Qxa1 29. Qg5+ f6 30. Qg7+ Ke6 31. g5 e4 32. Qg8+ Rxg8 33. hxg8=Q+ Kf5
34. Qh7+ Kxg5 35. Qg7+ Kf4 36. Qxc7+ Qe5 37. Qxc6 Qg5+ 38. Kf1 Kf3 39. Qd6 Bxf2
40. Qd1+ Kg3 0-1

[Event "Russian Higher League 2020"]
[Site "?"]
[Date "2020.10.08"]
[Round "1.23"]
[White "Goganov, Aleksey"]
[Black "Saidov, Bilukhadzh"]
[Result "1-0"]
[WhiteElo "2573"]
[BlackElo "2259"]
[PlyCount "151"]
[EventDate "2020.??.??"]

1. Nf3 d5 2. g3 Nf6 3. Bg2 c5 4. O-O Nc6 5. d4 e6 6. c4 dxc4 7. Qa4 Bd7 8. Qxc4
cxd4 9. Nxd4 Rc8 10. Nc3 Nxd4 11. Qxd4 Bc5 12. Qh4 Bc6 13. Bxc6+ Rxc6 14. Bg5
Be7 15. Rad1 Qc7 16. Rd3 O-O 17. Rfd1 h6 18. Bf4 Qb6 19. Be5 Rfc8 20. Ne4 Nd5
21. Qg4 Bf8 22. Qf3 Rc1 23. Kg2 Rxd1 24. Rxd1 Qb5 25. Nc3 Nxc3 26. Bxc3 b6 27.
Qb7 Re8 28. Rd7 Qf5 29. Qc6 Bc5 30. e3 a5 31. a3 e5 32. Qd5 Re6 33. Qa8+ Kh7
34. Qf3 Qxf3+ 35. Kxf3 e4+ 36. Ke2 Kg6 37. g4 Be7 38. Rd5 Bf6 39. Bxf6 Kxf6 40.
Rb5 Rc6 41. h4 g6 42. Kf1 Ke6 43. Kg2 f6 44. Kg3 g5 45. h5 Kd6 46. f3 exf3 47.
Kxf3 Ke6 48. e4 Rd6 49. Ke3 Rc6 50. Kd4 Rd6+ 51. Rd5 Rc6 52. e5 fxe5+ 53. Rxe5+
Kd6 54. Re8 Kd7 55. Rh8 Ke7 56. Rh7+ Kf8 57. Kd5 Rc2 58. Rxh6 Rxb2 59. Ke5 Kg7
60. Rc6 Rb5+ 61. Ke6 Rb3 62. Rc7+ Kh6 63. Kf7 Kh7 64. Kf6+ Kh6 65. Kf7 Kh7 66.
Kf6+ Kh6 67. Rc6 Rf3+ 68. Ke5+ Kh7 69. Rg6 Rxa3 70. Kf6 Rb3 71. Rg7+ Kh6 72.
Rg6+ Kh7 73. Kxg5 a4 74. Rd6 Rb5+ 75. Kf6 a3 76. g5 1-0